Statistics for Who Sang That Top 2001 Song?

Click here to take the quiz!

General Stats

  • This quiz has been taken 719 times
    (716 since last reset)
  • The average score is 6 of 15

Answer Stats

Hint Answer % Correct
3. I'm RealJennifer Lopez
67%
1. Lady MarmaladeChristina Aguilera & L'il Kim
64%
2. Fallin'Alicia Keys
64%
13. Drops Of JupiterTrain
61%
11. HeroEnrique Iglesias
51%
15. U Remind MeUsher
42%
4. Family AffairMary J. Blige
40%
12. Hanging By A MomentLifehouse
36%
6. Thank YouDido
34%
14. JadedAerosmith
32%
5. ButterflyCrazy Town
31%
9. GoneN Sync
21%
7. Don't Tell MeMadonna
16%
8. He Loves U NotDream
12%

Score Distribution

Percentile by Number Answered

Percent of People with Each Score

Your Score History

You have not taken this quiz since the last reset